000
00337nam a2200157Ia 4500
003
OSt
005
20240318100006.0
008
170524s9999 xx 000 0 und d
020
_a
NIL
040
_c
IIMTU MEERUT
100
_a
Ted- Haigh
245
0
_a
Vintage cocktails & sprits
260
_b
Apple
260
_c
2002
942
_2
ddc
_c
02
999
_c
7127
_d
7127